| 000 | 00617nam a22001931 4500 | ||
|---|---|---|---|
| 001 | 114788 | ||
| 003 | ES-MaACL | ||
| 005 | 20230906190242.0 | ||
| 007 | t| | ||
| 008 | 070327s1927 sp r ||||0| spa d | ||
| 016 | 7 | _zIND9100146829 | |
| 040 |
_aM-BN _bspa _cA2 |
||
| 245 | 0 | 0 | _aCatálogo de las obras de Blanca de los Rios de Lampérez y algunos juicios de la crítica acerca de ellas. |
| 260 |
_aMadrid : _bV.H. Sanz Calleja, _c1927. |
||
| 300 |
_a110 pág ; _c19 cm. |
||
| 600 | 1 | 4 |
_aRíos, Blanca de los, _d1859-1956- _vBibliografías _997358 |
| 852 |
_aES-MaACL _jF-4129 |
||
| 999 |
_c114788 _d114788 |
||